LEADER 01433oam 2200421 450 001 9910697683903321 005 20170221171123.0 035 $a(CKB)5470000002390120 035 $a(OCoLC)227891123 035 $a(EXLCZ)995470000002390120 100 $a20080513j199903 ua 0 101 0 $aeng 135 $aurbn||||a|||| 181 $ctxt$2rdacontent 182 $cc$2rdamedia 183 $acr$2rdacarrier 200 10$aIntrinsic creep resistance of two solid oxygen fuel cell electrolytes $ecubic zirconia versus doped lanthanum gallate 210 $aAdelphi, MD $cArmy Research Laboratory$dMarch 1999 215 $a1 online resource (iii 9 pages) $cillustration 225 1 $aARL-TN ;$v33 320 $aIncludes bibliographical references (page 5). 517 $aIntrinsic creep resistance of two solid oxygen fuel cell electrolytes 606 $aFuel cells$xMaterials$xCreep 606 $aZirconium oxide$xCreep 606 $aLanthanum gallate$xCreep 615 0$aFuel cells$xMaterials$xCreep. 615 0$aZirconium oxide$xCreep. 615 0$aLanthanum gallate$xCreep. 700 $aWolfenstine$b Jeff$01405457 712 02$aU.S. Army Research Laboratory, 801 0$bDTICE 801 1$bDTICE 801 2$bOCLCQ 801 2$bGPO 906 $aBOOK 912 $a9910697683903321 996 $aIntrinsic creep resistance of two solid oxygen fuel cell electrolytes$93511108 997 $aUNINA